[Event "Bundesliga (2nd) West 2011/12"]
[Site "masterchessopen.com Germany"]
[Date "2012.02.05"]
[Round "6"]
[White "Krejci Jan (CZE)"]
[Black "Markgraf Alexander (GER)"]
[Result "0-1"]
[WhiteElo "2489"]
[BlackElo "2493"]

1.e4 c5 2.Nf3 d6 3.d4 cxd4 4.Nxd4 Nf6 5.Nc3 Nc6 6.Bg5 e6 7.Qd2 Be7 8.O-O-O O-O
9.f3 Nxd4 10.Qxd4 a6 11.e5 dxe5 12.Qxe5 Bd7 13.h4 Rc8 14.g4 Rc5 15.Qe3 Qc7
16.Rxd7 Qxd7 17.Bxf6 gxf6 18.Bd3 Kg7 19.Ne4 Re5 20.f4 Rd5 21.Ng3 Rc8 22.Kb1
Qa4 23.f5 Qd4 24.Nh5+ Kh8 25.Qf3 Rc6 26.Nf4 Rb5 27.c3 Rxc3 28.Rd1 Rc1+ {#R}
0-1

[Event "It (open) \"]
[Site "masterchessopen.com Moscow (Russia)"]
[Date "2012.02.07"]
[Round "1"]
[White "Tsydypov Zhamsaran (RUS)"]
[Black "Can Emre (TUR)"]
[Result "0-1"]
[WhiteElo "2321"]
[BlackElo "2462"]

1.e4 c5 2.Nf3 d6 3.d4 cxd4 4.Nxd4 Nf6 5.Nc3 Nc6 6.Bg5 e6 7.Qd2 Be7 8.f3 a6
9.O-O-O Nxd4 10.Qxd4 b5 11.Be3 Bb7 12.g4 O-O 13.Kb1 Rc8 14.g5 Nd7 15.h4 Qa5
16.Qd2 b4 17.Ne2 Ne5 18.Nd4 Nxf3 19.Nxf3 Bxe4 20.Be2 Rxc2 21.Qxc2 Bxc2+
22.Kxc2 Qxa2 23.Bc1 d5 24.Kd2 f6 25.Nd4 e5 26.Nf5 Bc5 27.Rdf1 e4 28.Rh3 d4
29.Bd1 e3+ 30.Kd3 b3 31.Ke2 Qa4 32.Kf3 Qc4 33.Rhh1 fxg5 {#R} 0-1

[Event "Ch Romania (w)"]
[Site "masterchessopen.com Sarata Monteoru (Romania)"]
[Date "2012.02.15"]
[Round "3"]
[White "Cirlig Ioana-Andreea (ROM)"]
[Black "Porcoleanu Doina-Olga (ROM)"]
[Result "1-0"]
[WhiteElo "1665"]
[BlackElo "1767"]

1.e4 c5 2.Nf3 d6 3.d4 cxd4 4.Nxd4 Nf6 5.Nc3 Nc6 6.Bg5 e6 7.Qd2 Be7 8.Bb5 Bd7
9.O-O-O Ne5 10.f4 Bxb5 11.fxe5 Nxe4 12.Nxe4 d5 13.Bxe7 Qxe7 14.Nd6+ {#r} 1-0

[Event "Ch Moscow"]
[Site "masterchessopen.com Moscow (Russia)"]
[Date "2012.03.15"]
[Round "6"]
[White "Eliseev Urii (RUS)"]
[Black "Ulko Jaroslav (RUS)"]
[Result "1-0"]
[WhiteElo "2435"]
[BlackElo "2476"]

1.e4 c5 2.Nf3 d6 3.d4 cxd4 4.Nxd4 Nf6 5.Nc3 Nc6 6.Bg5 e6 7.Qd2 Be7 8.O-O-O
Nxd4 9.Qxd4 O-O 10.f3 a6 11.h4 b5 12.Qe3 b4 13.Ne2 Bb7 14.Nd4 Rc8 15.Bd3 Nd7
16.g4 Ne5 17.Kb1 Re8 18.Bxe7 Qxe7 19.Be2 Red8 20.Qf2 Qc7 21.Rhe1 d5 22.exd5
Bxd5 23.f4 Be4 24.Bxa6 Nxg4 25.Qe2 Ra8 26.Qxe4 Rxa6 27.Nc6 Rc8 28.Nxb4 Rb6
29.Nd5 Rxb2+ 30.Kxb2 Qb8+ 31.Nb4 Nf2 32.Qd4 Nxd1+ 33.Rxd1 {#r} 1-0

[Event "Tournament"]
[Site "masterchessopen.com Weiz (Austria)"]
[Date "2012.03.23"]
[Round "3"]
[White "Wallner Walter (AUT)"]
[Black "Kassel Walter (AUT)"]
[Result "1-0"]
[WhiteElo "2032"]
[BlackElo "1947"]

1.e4 c5 2.Nf3 d6 3.d4 cxd4 4.Nxd4 Nf6 5.Nc3 Nc6 6.Bg5 e6 7.Qd2 Be7 8.O-O-O a6
9.f3 O-O 10.Kb1 Qa5 11.Nxc6 bxc6 12.Nd5 Qd8 13.Nxe7+ Qxe7 14.Qxd6 Qb7 15.Bc4
Rb8 16.Bxf6 gxf6 17.b3 a5 18.a4 Qb6 19.Qg3+ Kh8 20.Qf4 Kg7 21.e5 f5 22.g4 Kh8
23.Qh6 Rg8 24.Qf6+ {#r} 1-0

[Event "It (open)"]
[Site "masterchessopen.com Skopje (Macedonia)"]
[Date "2012.04.08"]
[Round "2"]
[White "Dorfanis Ilarion (GRE)"]
[Black "Stojkovska Monika (MKD)"]
[Result "1-0"]
[WhiteElo "2190"]
[BlackElo "1936"]

1.e4 c5 2.Nf3 d6 3.d4 cxd4 4.Nxd4 Nf6 5.Nc3 Nc6 6.Bg5 e6 7.Qd2 Qb6 8.Bxf6 gxf6
9.Nb3 a6 10.O-O-O Bd7 11.f4 O-O-O 12.a3 Qc7 13.Qf2 Kb8 14.Kb1 Na5 15.Qd4 Be7
16.Be2 h5 17.Qd3 Rc8 18.Rhf1 Nc4 19.Qxc4 Qxc4 20.Bxc4 Rxc4 21.Rf3 b5 22.Rd4
Rg8 23.Rg3 Rcc8 24.Rxg8 Rxg8 25.g3 Bc6 26.Rd3 Bb7 27.Nd4 Kc7 28.b4 Kd7 29.Nf3
Rc8 {#r} 1-0

[Event "Ch Latvia (w)"]
[Site "masterchessopen.com Riga (Latvia)"]
[Date "2012.05.05"]
[Round "9"]
[White "Rogule Laura (LAT)"]
[Black "Ungure Liga (LAT)"]
[Result "1-0"]
[WhiteElo "2317"]
[BlackElo "2062"]

1.e4 c5 2.Nf3 d6 3.d4 cxd4 4.Nxd4 Nf6 5.Nc3 Nc6 6.Bg5 e6 7.Qd2 Be7 8.O-O-O O-O
9.Nb3 a6 10.f4 h6 11.Bxf6 Bxf6 12.Qxd6 Bxc3 13.bxc3 Qb6 14.Qc5 Qc7 15.Rd6 Bd7
16.e5 b6 17.Qe3 Rfc8 18.Bd3 Be8 19.g4 b5 20.Rf1 Na5 21.Qe4 g6 22.f5 Nc4
23.fxg6 Nxd6 24.exd6 Qxd6 25.gxf7+ Kf8 26.fxe8=Q+ Kxe8 27.Qg6+ Kd8 28.Rf7 {#r}
1-0

[Event "It \"]
[Site "masterchessopen.com Vienna (Austria)"]
[Date "2012.05.06"]
[Round "2"]
[White "Ionica Iulia-Ionela (ROM)"]
[Black "Osmanodja Filiz (GER)"]
[Result "0-1"]
[WhiteElo "2210"]
[BlackElo "2131"]

1.e4 c5 2.Nf3 Nc6 3.d4 cxd4 4.Nxd4 Nf6 5.Nc3 d6 6.Bg5 e6 7.Qd2 Qb6 8.Bxf6 gxf6
9.Nb3 Bd7 10.O-O-O O-O-O 11.f4 Kb8 12.Be2 h5 13.Rhf1 Na5 14.Rf3 Nxb3+ 15.axb3
Qa5 16.Kb1 f5 17.Qd4 Rg8 18.b4 Qc7 19.Rg3 Rxg3 20.hxg3 fxe4 21.Nxe4 f5 22.Ng5
e5 23.Qd2 Rc8 24.Bxh5 e4 25.Rc1 d5 26.Bf7 Bc6 27.Be6 Re8 28.Bxf5 e3 29.Qe2
Bxb4 30.Ne6 Qb6 31.Ng7 Bc3 {#R} 0-1

[Event "It (open)"]
[Site "masterchessopen.com Oberwart (Austria)"]
[Date "2012.07.08"]
[Round "2"]
[White "Rieger Robert (AUT)"]
[Black "Platzgummer Fabian (AUT)"]
[Result "0-1"]
[WhiteElo "2153"]
[BlackElo "2311"]

1.e4 c5 2.Nf3 d6 3.d4 cxd4 4.Nxd4 Nf6 5.Nc3 Nc6 6.Bg5 e6 7.Qd2 h6 8.Bxf6 gxf6
9.O-O-O a6 10.f4 Bd7 11.Kb1 Qc7 12.Qe3 Qb6 13.Be2 h5 14.Rhf1 O-O-O 15.g3 Nxd4
16.Rxd4 Kb8 17.Qd2 h4 18.Nd1 hxg3 19.hxg3 Rh2 20.c3 Bb5 21.Re1 d5 22.b4 Bc5
{#R} 0-1

[Event "It (open)"]
[Site "masterchessopen.com Hamburg (Germany)"]
[Date "2012.07.11"]
[Round "6"]
[White "Huschenbeth Niclas (GER)"]
[Black "Okhotnik Vladimir (FRA)"]
[Result "1-0"]
[WhiteElo "2521"]
[BlackElo "2446"]

1.e4 c5 2.Nf3 Nc6 3.d4 cxd4 4.Nxd4 Nf6 5.Nc3 d6 6.Bg5 e6 7.Qd2 Be7 8.O-O-O O-O
9.h4 Nxd4 10.Qxd4 Qa5 11.f3 a6 12.Kb1 b5 13.Qd2 b4 14.Ne2 Bb7 15.Nd4 Rfd8
16.Bd3 Qc5 17.Be3 Qc7 18.g4 d5 19.e5 Nd7 20.f4 Nb6 21.f5 Nc4 22.Qf2 Nxe3
23.Qxe3 Bc5 24.f6 Bf8 25.g5 Bc5 26.h5 Qb6 27.Bxh7+ Kxh7 28.g6+ Kg8 29.fxg7
Kxg7 30.Qg5 Bxd4 31.Qf6+ {#r} 1-0

[Event "Ch Turkey (team)"]
[Site "masterchessopen.com Konya (Turkey)"]
[Date "2012.07.11"]
[Round "1"]
[White "Kulaots Kaido (EST)"]
[Black "Can Emre (TUR)"]
[Result "1-0"]
[WhiteElo "2570"]
[BlackElo "2469"]

1.e4 c5 2.Nf3 d6 3.d4 cxd4 4.Nxd4 Nf6 5.Nc3 Nc6 6.Bg5 e6 7.Qd2 Be7 8.O-O-O
Nxd4 9.Qxd4 a6 10.h4 b5 11.e5 dxe5 12.Qxe5 Qb6 13.Ne4 Nxe4 14.Bxe7 Kxe7
15.Qxe4 Rb8 16.Qb4+ Ke8 17.Rh3 f6 18.Rhd3 Rb7 19.Rd6 Qc7 20.Rxa6 Kf7 21.Rad6
Qb8 22.g4 Re8 23.g5 Qa7 24.Bxb5 {#r} 1-0

[Event "It (open)"]
[Site "masterchessopen.com Pardubice (Czech Republic)"]
[Date "2012.07.22"]
[Round "3"]
[White "Serban Vlad (LUX)"]
[Black "Gutman Gennadi (UKR)"]
[Result "0-1"]
[WhiteElo "2280"]
[BlackElo "2493"]

1.e4 c5 2.Nf3 d6 3.d4 cxd4 4.Nxd4 Nf6 5.Nc3 Nc6 6.Bg5 e6 7.Qd2 h6 8.Bxf6 gxf6
9.O-O-O a6 10.f4 Bd7 11.Be2 h5 12.Rhf1 Qb6 13.Nb3 O-O-O 14.a3 Kb8 15.Rf3 Rc8
16.Kb1 h4 17.Na4 Qc7 18.Rc3 b5 19.Nd4 Qa7 20.Nxb5 axb5 21.Bxb5 Be7 22.Qd3 Rc7
23.Ba6 Na5 24.Rb3+ Nxb3 25.Qxb3+ Rb7 26.Bxb7 Qxa4 27.Qc3 Kxb7 28.Rd4 Qa7
29.Rb4+ Ka8 30.Rc4 Qa6 31.e5 d5 32.Rc7 Rc8 33.exf6 Bd6 {#R} 0-1

[Event "It (open) (b)"]
[Site "masterchessopen.com Rewal (Poland)"]
[Round "3"]
[White "Misztal Piotr (POL)"]
[Black "Zminda Bogdan"]
[Result "1-0"]
[WhiteElo "1778"]
[BlackElo "2087"]

1.e4 c5 2.Nf3 Nc6 3.d4 cxd4 4.Nxd4 Nf6 5.Nc3 d6 6.Bg5 e6 7.Qd2 h6 8.Bxf6 Qxf6
9.Ndb5 Qe7 10.O-O-O Kd7 11.f4 a6 12.Nxd6 Qxd6 13.Qe3 Kc7 14.Rxd6 Bxd6 15.Bc4
g5 16.g3 gxf4 17.gxf4 Bd7 18.e5 Be7 19.Rd1 Rag8 20.Na4 Bc8 21.Bxa6 Rd8 22.Be2
Rxd1+ 23.Bxd1 Rg8 24.Bf3 Kb8 25.Bxc6 bxc6 26.Qb6+ Bb7 27.Nc5 Bxc5 28.Qxc5 Rg2
29.Qf8+ Ka7 30.Qxf7 c5 31.f5 Rf2 32.fxe6 {#r} 1-0

[Event "Memorial Izmailov (open)"]
[Site "masterchessopen.com Tomsk (Russia)"]
[Date "2012.08.07"]
[Round "1"]
[White "Loskutov Oleg (RUS)"]
[Black "Lazarenko Petr (RUS)"]
[Result "1-0"]
[WhiteElo "2420"]
[BlackElo "2042"]

1.e4 c5 2.Nf3 Nc6 3.d4 cxd4 4.Nxd4 Nf6 5.Nc3 d6 6.Bg5 e6 7.Qd2 h6 8.Bxf6 gxf6
9.O-O-O a6 10.f4 h5 11.Kb1 Qc7 12.f5 Bd7 13.g3 Nxd4 14.Qxd4 Be7 15.fxe6 fxe6
16.Ne2 Rc8 17.Qd2 Bc6 18.Bg2 e5 19.Nc3 b5 20.Bh3 {#r} 1-0

[Event "It \"]
[Site "masterchessopen.com Vancouver (USA)"]
[Date "2012.08.08"]
[Round "5"]
[White "Langer Michael (USA)"]
[Black "Ellis James S (USA)"]
[Result "1-0"]
[WhiteElo "2211"]
[BlackElo "1951"]

1.e4 c5 2.Nf3 d6 3.d4 cxd4 4.Nxd4 Nf6 5.Nc3 Nc6 6.Bg5 e6 7.Qd2 Be7 8.O-O-O O-O
9.Ndb5 h6 10.Bh4 Qa5 11.f4 Nxe4 12.Nxe4 Qxd2+ 13.Rxd2 Bxh4 14.Nbxd6 e5 15.g3
Be7 16.Bc4 Bg4 17.Nxb7 Rab8 18.Nbd6 Nd4 19.Rf1 Ne6 20.fxe5 Ng5 21.Rdf2 Nxe4
22.Nxe4 Rbc8 23.Bxf7+ {#r} 1-0

[Event "Memorial Izmailov (open)"]
[Site "masterchessopen.com Tomsk (Russia)"]
[Date "2012.08.15"]
[Round "9"]
[White "Labutin Danila (RUS)"]
[Black "Fitiak Sergey (RUS)"]
[Result "0-1"]
[WhiteElo "2079"]
[BlackElo "2207"]

1.e4 c5 2.Nf3 Nc6 3.d4 cxd4 4.Nxd4 Nf6 5.Nc3 d6 6.Bg5 e6 7.Qd2 Be7 8.O-O-O O-O
9.f3 Nxd4 10.Qxd4 Qa5 11.Qd2 a6 12.Kb1 Qc7 13.g4 b5 14.Be3 Bb7 15.Bd3 Rfd8
16.g5 Nd7 17.h4 b4 18.Ne2 d5 19.exd5 Bxd5 20.h5 Ne5 21.g6 Nxf3 22.Qc1 Qa5
23.b3 Rac8 24.h6 fxg6 25.hxg7 Bf6 26.Bb6 Qxb6 27.Qh6 Ng5 28.Rhf1 Bf3 29.Rxf3
Nxf3 30.Rh1 Nh4 31.Rxh4 Bxh4 {#R} 0-1

[Event "Cup Grunwald"]
[Site "masterchessopen.com Dadaj (Poland)"]
[Date "2012.09.22"]
[Round "9"]
[White "Stachanczyk Jacek (POL)"]
[Black "Mackowiak Marek (POL)"]
[Result "1-0"]
[WhiteElo "2247"]
[BlackElo "2160"]

1.e4 c5 2.Nf3 Nc6 3.d4 cxd4 4.Nxd4 Nf6 5.Nc3 d6 6.Bg5 e6 7.Qd2 Be7 8.O-O-O h6
9.Bh4 a6 10.f4 b5 11.Nxc6 {#r} 1-0

[Event "Cup R.Nezhmetdinov (open)"]
[Site "masterchessopen.com Kazan (Russia)"]
[Date "2012.09.26"]
[Round "1"]
[White "Elistratov Semen (RUS)"]
[Black "Charochkina Daria (RUS)"]
[Result "1-0"]
[WhiteElo "2000"]
[BlackElo "2343"]

1.e4 c5 2.Nf3 d6 3.d4 cxd4 4.Nxd4 Nf6 5.Nc3 Nc6 6.Bg5 e6 7.Qd2 Be7 8.O-O-O O-O
9.Nb3 Qb6 10.Be3 Qc7 11.f4 Rd8 12.Be2 a6 13.Bf3 b5 14.g4 Bb7 15.Kb1 d5 16.exd5
Nxd5 17.Nxd5 exd5 18.Qg2 Rac8 19.Rxd5 Bd6 20.Nc5 Ba8 21.Nxa6 {#r} 1-0

[Event "Ch Romania (team) (1 liga)"]
[Site "masterchessopen.com Olanesti (Romania)"]
[Date "2012.10.07"]
[Round "2"]
[White "Vasile Claudiu Daniel (ROM)"]
[Black "Manicuta Monica (ROM)"]
[Result "1-0"]
[WhiteElo "2110"]
[BlackElo "2117"]

1.e4 c5 2.Nf3 d6 3.d4 cxd4 4.Nxd4 Nc6 5.Nc3 Nf6 6.Bg5 e6 7.Qd2 Be7 8.O-O-O Bd7
9.Ndb5 Qa5 10.Bxf6 gxf6 11.Nxd6+ Bxd6 12.Qxd6 O-O-O 13.Qf4 e5 14.Qe3 Be6
15.Rxd8+ Rxd8 16.a3 Nd4 17.Bd3 b5 18.Nxb5 Nc6 19.Qc5 Rh8 {#r} 1-0